MARC details
| 000 -LEADER |
| campo de control de longitud fija |
03042cam a2200457 a 4500 |
| 001 - NÚMERO DE CONTROL |
| campo de control |
4398013 |
| 003 - IDENTIFICADOR DE NÚMERO DE CONTROL |
| campo de control |
BJBSDDR |
| 005 - FECHA Y HORA DE LA ÚLTIMA TRANSACCIÓN |
| campo de control |
20260430113605.0 |
| 007 - CAMPO FIJO DE DESCRIPCIÓN FÍSICA--INFORMACIÓN GENERAL |
| campo de control de longitud fija |
ta |
| 008 - DATOS DE LONGITUD FIJA--INFORMACIÓN GENERAL |
| campo de control de longitud fija |
921217s1993 nyua 001 0 eng |
| 010 ## - NÚMERO DE CONTROL DE LA BIBLIOTECA DEL CONGRESO |
| Número de control de LC |
92046263 |
| 020 ## - NÚMERO INTERNACIONAL ESTÁNDAR DEL LIBRO |
| Número Internacional Estándar del Libro |
067942072X |
| 020 ## - NÚMERO INTERNACIONAL ESTÁNDAR DEL LIBRO |
| Número Internacional Estándar del Libro |
9780679420729 |
| 035 ## - NÚMERO DE CONTROL DEL SISTEMA |
| Número de control de sistema |
4398013 |
| 040 ## - FUENTE DE CATALOGACIÓN |
| Centro catalogador/agencia de origen |
DLC |
| Centro/agencia transcriptor |
DLC |
| Centro/agencia modificador |
DLC |
| Lengua de catalogación |
eng |
| 041 ## - CÓDIGO DE IDIOMA |
| Código de lengua del texto/banda sonora o título independiente |
eng |
| 050 14 - SIGNATURA TOPOGRÁFICA DE LA BIBLIOTECA DEL CONGRESO |
| Número de clasificación |
PS 3551 |
| Número de ítem |
A432i 1993 |
| 082 00 - NÚMERO DE LA CLASIFICACIÓN DECIMAL DEWEY |
| Número de clasificación |
812/.54 |
| 100 1# - ENTRADA PRINCIPAL--NOMBRE DE PERSONA |
| Nombre de persona |
Allen, Woody, |
| Fechas asociadas al nombre |
1935- |
| 9 (RLIN) |
5261 |
| 240 10 - TÍTULO UNIFORME |
| Título uniforme |
Works. |
| Subencabezamiento de forma |
Selections. |
| Fecha de publicación/de la obra |
1993 |
| 245 14 - MENCIÓN DEL TÍTULO |
| Título |
The illustrated Woody Allen reader / |
| Mención de responsabilidad, etc. |
Woody Allen ; edited by Linda Sunshine. |
| 250 ## - MENCION DE EDICION |
| Mención de edición |
1st ed. |
| 260 ## - PUBLICACIÓN, DISTRIBUCIÓN, ETC. |
| Lugar de publicación, distribución, etc. |
New York : |
| Nombre del editor, distribuidor, etc. |
Alfred A. Knopf, |
| Fecha de publicación, distribución, etc. |
1993. |
| 300 ## - DESCRIPCIÓN FÍSICA |
| Extensión |
288 pages : |
| Otras características físicas |
illustrations (some color) ; |
| Dimensiones |
24 cm. |
| 336 ## - TIPO DE CONTENIDO |
| Término de tipo de contenido |
text |
| Código de tipo de contenido |
txt |
| Fuente |
rdacontent |
| 337 ## - TIPO DE MEDIO |
| Nombre/término del tipo de medio |
unmediated |
| Código del tipo de medio |
n |
| Fuente |
rdamedia |
| 338 ## - TIPO DE SOPORTE |
| Nombre/término del tipo de soporte |
volume |
| Código del tipo de soporte |
nc |
| Fuente |
rdacarrier |
| 500 ## - NOTA GENERAL |
| Nota general |
Includes index. |
| 504 ## - NOTA DE BIBLIOGRAFÍA, ETC. |
| Nota de bibliografía, etc. |
Includes bibliographical references (page 277). |
| 520 ## - RESUMEN, ETC. |
| Sumario, etc. |
Woody Allen - accomplished film actor and director, brilliant monologist and gifted prose stylist. In this book, selections from his best, wittiest, and most profound work in every area have been gathered together for the first time. The excerpts from the published and never-before-published work range from one-liners to memorable on-screen exchanges to essays, and are drawn from Woody's stand-up routines (which have never appeared in print before), his classic NewYorker pieces, his screenplays, film outtakes, magazine articles, plays, and interviews. Here is vintage Woody Allen on the topics that have dominated his work for more than thirty years: Intellectuals ("They're like the Mafia, they only kill their own"); Analysts ("My poor analyst got so frustrated. The guy finally put in a salad bar"); Love ("Should I marry W.? Not if she won't tell me the other letters in her name"); Work ("Show business is dog eat dog. It's worse than dog eat dog. It's dog doesn't return dog's phone calls"); Death ("I don't want to achieve immortality through my work, I want to achieve it through not dying"); and much more. Here is marvelous dialogue from twenty-six original screenplays, including Annie Hall, Hannah and Her Sisters, Bananas, Take the Money and Run, Play It Again, Sam, Broadway Danny Rose, Zelig, Radio Days, Manhattan, Husbands and Wives, and all the others. Here are highlights from monologues |
| 600 14 - PUNTO DE ACCESO ADICIONAL DE MATERIA--NOMBRE DE PERSONA |
| Nombre de persona |
Allen, Woody, |
| Fechas asociadas al nombre |
1935- |
| Subdivisión general |
Crítica e interpretación |
| 9 (RLIN) |
12660 |
| 650 #4 - PUNTO DE ACCESO ADICIONAL DE MATERIA--TÉRMINO DE MATERIA |
| Término de materia o nombre geográfico como elemento de entrada |
Humorismo estadounidense |
| 9 (RLIN) |
11535 |
| 650 #4 - PUNTO DE ACCESO ADICIONAL DE MATERIA--TÉRMINO DE MATERIA |
| Término de materia o nombre geográfico como elemento de entrada |
Sátira estadounidense |
| 9 (RLIN) |
48222 |
| 650 #4 - PUNTO DE ACCESO ADICIONAL DE MATERIA--TÉRMINO DE MATERIA |
| Término de materia o nombre geográfico como elemento de entrada |
Comedia en vivo |
| 9 (RLIN) |
23107 |
| 650 #4 - PUNTO DE ACCESO ADICIONAL DE MATERIA--TÉRMINO DE MATERIA |
| Término de materia o nombre geográfico como elemento de entrada |
Guiones cinematográficos |
| 9 (RLIN) |
4046 |
| 700 1# - ENTRADA AGREGADA--NOMBRE PERSONAL |
| Nombre de persona |
Sunshine, Linda, |
| Fechas asociadas al nombre |
1948- |
| 9 (RLIN) |
48066 |
| Término indicativo de función/relación |
editor |
| 906 ## - ELEMENTOS DE DATOS F LOCAL, LDF (RLIN) |
| a |
7 |
| b |
cbc |
| c |
orignew |
| d |
1 |
| e |
ocip |
| f |
19 |
| g |
y-gencatlg |
| 942 ## - ELEMENTOS DE ENTRADA SECUNDARIOS (KOHA) |
| Fuente del sistema de clasificación o colocación |
Clasificación de Library of Congress |
| Tipo de ítem Koha |
Libro |